000
00228nmm a2200085Ia 4500
008
220120s9999||||xx |||||||||||||||||und||
100
_a
EFY
245
0
_a
Design & Simulation : Tutorials, Circuits, Application Notes
260
_c
2007
999
_c
138792
_d
138792